| 000 | 00693nam a2200265Ia 4500 | ||
|---|---|---|---|
| 001 | Para_5625 | ||
| 003 | CHAP | ||
| 008 | 220125s2001 xx 000 0 und d | ||
| 010 | _a204035 | ||
| 040 | _cCHAP | ||
| 082 | _aPA 513.12 N4 | ||
| 100 |
_aNegrete y Moreno, Raúl _980721 |
||
| 245 |
_aAlgebra I / _c por Raúl Negreete y Moreno |
||
| 260 |
_aChapingo, Méx. : _b UACh |
||
| 300 | _a176 p. | ||
| 650 |
_aAlgebra _982391 |
||
| 710 |
_aUACh. Departamento Preparatoria Agrícola _9170072 |
||
| 901 | _aPA 513.12 N4 | ||
| 902 | _aA | ||
| 905 | _a0000002001 0000000000 00 | ||
| 910 | _a2001 | ||
| 942 | _cPARA | ||
| 942 |
_cPARA _d1 |
||
| 999 |
_c204035 _d204035 |
||